History Quiz

Random History or Year Quiz

Which of the Two...Historical Moments Quiz Stats

Quiz Updated Nov 11, 2015

Challenge
Share
Tweet
Embed
Score 0/24 Timer 06:00
7 Plays Today
Which historic... A or B % Correct
...decade was nicknamed ''The Jazz Age'' and ''Roaring''?
(A) 1900s or (B) 1920s
???
94.5%
...artist painted the ceiling of the Sistine Chapel?
(A) Botticelli or (B) Michelangelo
???
94.5%
...protest occurred first?
(A) Gandhi's Salt March or (B) Tiananmen Square (June 4th Incident)
???
88.8%
...pandemic occurred first?
(A) The Spanish Influenza or (B) The Black Death
???
88.5%
...piece of art was sculpted by Auguste Rodin?
(A) David or (B) The Thinker
???
87.5%
...explorer, with Tenzing Norgay, first climbed Mount Everest?
(A) Robert Peary or (B) Edmund Hillary
???
86.3%
...year marked William's conquest of England?
(A) 476 or (B) 1066
???
85.6%
...pilot flew the Spirit of St. Louis?
(A) Charles Lindbergh or (B) Amelia Earhart
???
85.1%
...speech by MLK, Jr. was given on the steps of the Lincoln Memorial?
(A) ''I Have a Dream'' or (B) ''I've Been to the Mountaintop''
???
82.7%
...battle was a major battle of World War I?
(A) The Battle of the Somme or (B) The Battle of Britain
???
81.5%
...natural disaster claimed more lives?
(A) Haiti Earthquake of 2010 or (B) Hurricane Katrina of 2005
???
81.3%
...place marked General Lee's surrender, ending the Civil War?
(A) Appomattox Court House or (B) Antietam
???
79.8%
Which historic... A or B % Correct
...event occurred while Thomas Jefferson was president?
(A) The Bill of Rights Ratification or (B) The Louisiana Purchase
???
76.6%
...philosopher penned ''The Republic'' in 380 B.C.?
(A) Plato or (B) Aristotle
???
76.4%
...empire fell to conquistador Hernán Cortés?
(A) Aztec Empire or (B) Incan Empire
???
73.6%
...court case was ruled by the US Supreme Court first?
(A) Miranda v. Arizona or (B) Brown v. Board of Education
???
72.5%
...location was the stage for the ancient Olympic games?
(A) Marathon, Greece or (B) Olympia, Greece
???
71.8%
...year saw the storming of the Bastille?
(A) 1789 or (B) 1793
???
71.6%
...project's construction was completed first?
(A) Mount Rushmore or (B) Panama Canal
???
70.1%
...ocean liner sank first?
(A) RMS Lusitania or (B) RMS Titanic
???
68.9%
...Asian landmark was operational first?
(A) Forbidden City or (B) Taj Mahal
???
68.7%
...location was Napoleon Bonaparte exiled to first?
(A) St. Helena or (B) Elba
???
64.8%
...document was penned earlier in history?
(A) Magna Carta or (B) Summa Theologica
???
57.5%
...leader founded the Republic of China?
(A) Sun Yat-Sen or (B) Mao Zedong
???
39.7%

You're not logged in!

Compare scores with friends on all Sporcle quizzes.
Join for Free
OR
Log In

You Might Also Like...

Show Comments

Extras

Top Quizzes Today


Score Distribution

Your Account Isn't Verified!

In order to create a playlist on Sporcle, you need to verify the email address you used during registration. Go to your Sporcle Settings to finish the process.

Report this User

Report this user for behavior that violates our Community Guidelines.

Details: